|
|
|
|
| LEADER |
00000nam a2200000 a 4500 |
| 001 |
vtls010659403 |
| 003 |
SK-MaSNL |
| 005 |
20260301134146.0 |
| 008 |
220720s2014 xo da f 100 0 slo |
| 015 |
|
|
|a SNBA2015/04
|
| 020 |
|
|
|a 9788089162512 (brož.)
|
| 035 |
|
|
|a 3bb519d7-e917-47b3-9f5d-fc49c2065909
|
| 035 |
|
|
|a urn:nbn:sk:snk-amjsxo
|
| 035 |
|
|
|a urn:nbn:sk:snk:ar-008qld
|
| 040 |
|
|
|a SNK
|b slo
|c SNK
|e AACR2
|
| 041 |
0 |
|
|a slo
|
| 044 |
|
|
|a xo
|c SK
|
| 072 |
|
7 |
|a 631
|x Poľnohospodárstvo. Pedológia. Agrotechnika. Agroekológia
|2 konspekt
|
| 072 |
|
7 |
|a 551
|x Geológia. Meteorológia. Klimatológia
|2 konspekt
|
| 080 |
|
|
|a 631.44
|2 2001
|
| 080 |
|
|
|a 551.583
|2 2001
|
| 080 |
|
|
|a (062.534)
|2 2001
|
| 111 |
2 |
|
|a Klimatická zmena - zmierňujúce a adaptačné opatrenia v sektore pôdohospodárstva
|n (43. :
|d 2013 :
|c Nitra, Slovensko)
|9 487693
|
| 245 |
1 |
0 |
|a Klimatická zmena - zmierňujúce a adaptačné opatrenia v sektore pôdohospodárstva
|b zborník referátov a diskusných príspevkov z vedeckej rozpravy 43. valného zhromaždenia členov Slovenskej akadémie pôdohospodárskych vied, konaného 3. decembra 2013 v Nitre
|c [zostavovateľ: Jozef Kobza]
|
| 250 |
|
|
|a [1.] vyd.
|
| 260 |
|
|
|a Nitra
|b Národné poľnohospodárske a potravinárske centrum
|c 2014
|
| 300 |
|
|
|a 113 s.
|b grafy, tab.
|c 21 cm
|
| 490 |
1 |
|
|a Zborník ;
|v č. 74
|
| 504 |
|
|
|a Bibliogr. odkazy
|
| 650 |
0 |
7 |
|a pôdohospodárstvo
|2 SNKPH
|9 19449
|
| 650 |
0 |
7 |
|a klimatické zmeny
|2 SNKPH
|9 3351
|
| 650 |
0 |
7 |
|a Agriculture
|2 SNKPHeng
|9 265172
|
| 650 |
0 |
7 |
|a Climatic changes
|2 SNKPHeng
|9 132060
|
| 655 |
|
7 |
|a zborníky konferencií
|2 SNKPH
|9 70153
|
| 655 |
|
7 |
|a Proceedings of conferences
|2 SNKPHeng
|9 265791
|
| 655 |
|
7 |
|a issue_zb
|2 SNK
|9 276493
|
| 700 |
1 |
|
|a Kobza, Jozef,
|d 1952-
|4 com
|9 191017
|
| 830 |
|
0 |
|a Zborník
|9 281250
|
| 919 |
|
|
|a 978-80-89162-51-2
|
| 954 |
|
|
|a odborná, vedecká literatúra pôvodná (slovenská)
|2 lita
|
| 958 |
|
|
|a ART
|
| 958 |
|
|
|a NB
|
| 958 |
|
|
|a OND
|
| 999 |
|
|
|c 755921
|d 757851
|
| 952 |
|
|
|a SNK
|b SNK
|y PREZ
|7 0
|p 17A1140499
|o snkSC 163583
|i snk2015/8195
|8 0
|0 0
|1 0
|4 0
|d 2015-03-09
|f 1
|l 0
|r 2025-08-27 00:00:00
|w 2026-02-23
|
| 952 |
|
|
|a SNK
|b SNK
|y VYP
|7 0
|p 17A1159941
|o snkSC 163583 D1
|i snk2015/18154
|8 0
|0 0
|1 0
|4 0
|d 2015-06-10
|l 0
|r 2026-02-23 23:48:08
|w 2026-02-23
|